Normal view MARC view
  • VARUN, DR.D

Entry Personal Name

Number of records used in: 1

001 - CONTROL NUMBER

  • control field: 8755

003 - CONTROL NUMBER IDENTIFIER

  • control field: JRU

005 - DATE AND TIME OF LATEST TRANSACTION

  • control field: 20251120131048.0

008 - FIXED-LENGTH DATA ELEMENTS

  • fixed length control field: 251120|| aca||aabn | a|a d

040 ## - CATALOGING SOURCE

  • Original cataloging agency: JRU
  • Transcribing agency: JRU

100 ## - HEADING--PERSONAL NAME

  • Personal name: VARUN, DR.D

670 ## - SOURCE DATA FOUND

  • Source citation: Work cat.: (JRU)8927: VARUN, DR.D, A TREATISE ON PHARMACEUTICAL REGULATORY AFFAIRS & QUALITY MANAGEMENT [ VOL-1], 2025